000
00191nam a22000857a 4500
008
170624b xxu||||| |||| 00| 0 eng d
100
_9
3657
_a
Steimatzky
245
_a
Israel
260
_a
Itraly
_b
2008
999
_c
7066
_d
7066